01330nam a2200253 a 4500001001000000003000400010005001700014008004100031040002500072082003800097110007600135245012100211260007300332300002000405501014400425590002600569610008600595651006700681651006700748910003700815942001400852952019300866999001701059000032375OSt20201123134328.0110714s1913 dr r 000 0 spa d aDO-SdBNPbspacBNPHU 4a359.0097293bR426m, 1912-19132221 aRepública DominicanabSecretaria de Estado de Guerra y Marina 93089700aMemoria que al ciudadano presidente de la república presenta el ciudadano secretario de estado de Guerra y Marina. aSanto Domingo :bSecretaria de Estado de Guerra y Marinac1913.-1914 a78 p. ;c28 cm. aEncuadernado con: Memoria que al presidente de la República presenta el Secretaria de Estado de Guerra y Marina, 1913, publicado en 1914  aInventariado, 2018/BT14aRepública Dominicana.bSecretaria de Estado de Guerra y MarinavInformes977368 4aRepública DominicanaxFuerzas ArmadasvInformesy1912977369 4aRepública DominicanaxFuerzas ArmadasvInformesy1913977370 aValidado. Control de calidad MFF 2ddccLBS1 00102ddc718RVaPDbPDcHDd2011-07-14iLF1l0o359.0097293 R426m 1912-1913p32375-10r2020-06-25w2020-06-25y1zPerteneció a la biblioteca personal de Julio Ortega Frier. c31866d31866